Every NBA All-Star from the 2010's - Statistics

General Stats
  • This quiz has been taken 51 times
  • The average score is 59 of 79
Answer Stats
Hint Answer % Correct
Miami Heat Dwyane Wade
100%
Cleveland Cavaliers LeBron James
100%
Oklahoma City Thunder Kevin Durant
98%
Golden State Warriors Stephen Curry
98%
Los Angeles Clippers Chris Paul
95%
Houston Rockets James Harden
95%
Dallas Mavericks Dirk Nowitzki
93%
Los Angeles Lakers Kobe Bryant
93%
Indiana Pacers Paul George
93%
Oklahoma City Thunder Russell Westbrook
93%
New Orleans Pelicans Anthony Davis
90%
New York Knicks Carmelo Anthony
90%
Miami Heat Chris Bosh
90%
Damian Lillard
90%
DeMar DeRozan
90%
Giannis Antetokounmpo
90%
Kawhi Leonard
90%
Kevin Garnett
90%
Klay Thompson
90%
Kyrie Irving
90%
Los Angeles Clippers Blake Griffin
88%
Draymond Green
88%
Dwight Howard
88%
John Wall
88%
Tim Duncan
88%
Kyle Lowry
85%
Marc Gasol
85%
Pau Gasol
85%
Tony Parker
85%
Derrick Rose
83%
Kemba Walker
83%
Kevin Love
83%
Portland Trail Blazers LaMarcus Aldridge
83%
Manu Ginobili
83%
Bradley Beal
80%
DeMarcus Cousins
80%
Jimmy Butler
80%
Joakim Noah
80%
Karl-Anthony Towns
80%
Paul Pierce
80%
Al Horford
78%
DeAndre Jordan
78%
Joel Embiid
78%
Nikola Jokic
78%
Steve Nash
78%
Rajon Rondo
75%
Ray Allen
75%
Deron Williams
73%
Khris Middleton
70%
Amar'e Stoudemire
68%
Andre Iguodala
68%
Isaiah Thomas
68%
Paul Millsap
68%
Andre Drummond
65%
Gordon Hayward
65%
Joe Johnson
65%
Allen Iverson
63%
Ben Simmons
63%
Jason Kidd
63%
Brandon Roy
60%
Brook Lopez
60%
Nikola Vucevic
60%
Yao Ming
60%
Kyle Korver
58%
Luol Deng
58%
Zach Randolph
58%
Andrew Bynum
55%
Jeff Teague
55%
Jrue Holiday
55%
Victor Oladipo
55%
David Lee
53%
Roy Hibbert
50%
D'Angelo Russell
48%
Gerald Wallace
48%
Tyson Chandler
45%
Chauncey Billups
43%
Goran Dragic
43%
Kristaps Porzingis
43%
Chris Kaman
20%
No matching quizzes found
Score Distribution
Percent of People with Each Score
Percentile by Number Answered
Your Score History
You have not taken this quiz